World Happiness Report 2019 - Statistics

General Stats
  • This quiz has been taken 30 times
  • The average score is 17 of 20
Answer Stats
# Country % Correct
10 Austria
97%
9 Canada
97%
17 Germany
97%
5 Netherlands
97%
7 Sweden
97%
11 Australia
93%
18 Belgium
93%
2 Denmark
93%
1 Finland
93%
4 Iceland
93%
3 Norway
93%
6 Switzerland
93%
15 United Kingdom
93%
19 United State
93%
8 New Zealand
87%
16 Ireland
77%
14 Luxembourg
70%
20 Czech Republic
63%
13 Israel
53%
12 Costa Rica
33%
No matching quizzes found
Score Distribution
Percent of People with Each Score
Percentile by Number Answered
Your Score History
You have not taken this quiz